Science Quiz

Random Science Quiz

One-Step Algebra (Advanced) Quiz Stats

Quiz not verified by Sporcle

Also try: Animal-Ology
Challenge
Share
Tweet
Embed
Score 0/20 Timer 20:00
0 Plays Today
Question Answer % Correct
x + 4.15 = 1-3.15
84.8%
-4x = 10-2.5
84.8%
-1.5x = 7.5-5
84.8%
x - 2.5 = 79.5
81.8%
1.8 + x = 4.12.3
81.8%
12.98 - x = 4.168.82
81.8%
x ÷ 0.5 = -4-2
81.8%
x ÷ 1/2 = 1/41/8
81.8%
3/4x = 1216
81.8%
x - 14.5 = -12.252.25
78.8%
Question Answer % Correct
x - 1/4 = 1/23|4
78.8%
x + 1/8 = 3/45|8
78.8%
x ÷ 2 = 3/41 1/2
78.8%
x ÷ 1.1 = 0.80.88
75.8%
13.2 ÷ x=121.1
75.8%
6/5x = -2-1 2/3
75.8%
x + 1 1/4 = 4 1/82 7|8
72.7%
x - 2/3 = 7/81 13|24
69.7%
10 - x = 2 2/77 5|7
69.7%
2 3/4 ÷ x = 1/1233
63.6%

You're not logged in!

Compare scores with friends on all Sporcle quizzes.
Join for Free
OR
Log In

You Might Also Like...

Show Comments

Extras

Top Quizzes Today


Score Distribution

Your Account Isn't Verified!

In order to create a playlist on Sporcle, you need to verify the email address you used during registration. Go to your Sporcle Settings to finish the process.

Report this User

Report this user for behavior that violates our Community Guidelines.

Details: